000 00242nam a22001097a 4500
020 _a0618042806
100 _aKevin Ryan & James M Cooper
245 _aKaleidoscope readings in education
250 _a9th ed
260 _c2001
942 _cBK
999 _c252139
_d252138